000 00339nam a2200157Ia 4500
003 IT-RoPAU
008 120407s9999 xx 000 0 und d
040 _aIT-RoPAU
040 _cIT-RoPAU
100 _aSalvador Carrillo Alday
245 _aEl Evangelo de Mateo
260 _aSan Pablo
300 _c cm
490 _v1
942 _cBK
999 _c10522
_d10522